header

The WetFeet insider guide to careers in non-profits and government agencies (Record no. 180795)

MARC details
000 -LEADER
fixed length control field 01559nam a2200361Ia 4500
245 04 - TITLE STATEMENT
Title The WetFeet insider guide to careers in non-profits and government agencies
250 ## - EDITION STATEMENT
Edition statement 2004 ed.
260 ## - PUBLICATION, DISTRIBUTION, ETC. (IMPRINT)
Place of publication San Francisco, CA :
Name of publisher WetFeet,
Year of publication c2003.
300 ## - PHYSICAL DESCRIPTION
Number of Pages vi, 116 p.
490 1# - SERIES STATEMENT
Series statement Insider guide
650 #0 - SUBJECT ADDED ENTRY--TOPICAL TERM
Topical Term Nonprofit organizations
Topical Term Administrative agencies
Topical Term Civil service positions
856 40 - ELECTRONIC LOCATION AND ACCESS
Uniform Resource Identifier http://site.ebrary.com/lib/rucke/Doc?id=10048783

No items available.

© 2026 Rongo University
Contact us: librarian | system librarian | Rongo university